|
|
|
|
| LEADER |
01681nam a2200469 a 4500 |
| 001 |
000613015 |
| 003 |
CZ BrMZK |
| 005 |
20120112121134.0 |
| 007 |
ta |
| 008 |
020729s2002 xr f cze d |
| 015 |
|
|
|a cnb001179171
|
| 020 |
|
|
|a 80-7338-000-5
|
| 035 |
|
|
|a (OCoLC)51188752
|
| 040 |
|
|
|a BOA001
|b cze
|
| 041 |
0 |
|
|a cze
|b eng
|
| 072 |
|
7 |
|a 347.9
|x Občanské soudní řízení. Soudnictví
|2 Konspekt
|9 16
|
| 080 |
|
|
|a 343.163
|2 MRF
|
| 080 |
|
|
|a 347.963
|2 MRF
|
| 080 |
|
|
|a 331.546
|2 MRF
|
| 080 |
|
|
|a 159.923
|2 MRF
|
| 080 |
|
|
|a 347.962
|2 MRF
|
| 080 |
|
|
|a (048.8)
|2 MRF
|
| 100 |
1 |
|
|a Vůjtěch, Jan
|7 jx20050519018
|4 aut
|
| 245 |
1 |
0 |
|a Profesiogram soudce a státního zástupce :
|b profesiografická studie zaměřená na výběr čekatelů a výběrová kriteria /
|c odpovědný řešitel: Jan Vůjtěch ; spoluřešitelé: Jakub Holas, Petr Zeman
|
| 246 |
1 |
8 |
|a Profesiogram
|
| 250 |
|
|
|a Vyd. 1.
|
| 260 |
|
|
|a Praha :
|b Institut pro kriminologii a sociální prevenci,
|c 2002
|
| 300 |
|
|
|a 211 s. ;
|c 21 cm
|
| 490 |
1 |
|
|a Studie
|
| 504 |
|
|
|a Obsahuje bibliografii
|
| 546 |
|
|
|a Anglické resumé
|
| 650 |
0 |
7 |
|a státní zástupci
|7 ph126200
|2 czenas
|
| 650 |
0 |
7 |
|a profesní kompetence
|7 ph136580
|2 czenas
|
| 650 |
0 |
7 |
|a psychologie osobnosti
|7 ph115951
|2 czenas
|
| 650 |
0 |
7 |
|a soudci
|7 ph125851
|2 czenas
|
| 655 |
|
7 |
|a studie
|7 fd133597
|2 czenas
|
| 700 |
1 |
|
|a Holas, Jakub
|7 xx0039917
|4 aut
|
| 700 |
1 |
|
|a Zeman, Petr
|7 xx0004654
|4 aut
|
| 830 |
|
0 |
|a Studie (Institut pro kriminologii a sociální prevenci)
|0 s
|
| 910 |
|
|
|a BOA001
|b 2-1105.099
|
| 990 |
|
|
|a BK
|
| 996 |
6 |
|
|b 2610166636
|c 2-1105.099
|l MZK
|r Sklad / do 1 hodiny
|n 5
|p p.v.
|w 000613015
|u 000010
|a 1
|e BOA001
|j MZK50
|s P
|